Pays se terminant et commençant par la même lettre. - Statistiques

Statistiques générales
  • Ce quiz a été pris 363 fois
    341 depuis la dernière actualisation
  • Le résultat moyen est 6 sur 11
Statistiques - réponses
lettre Pays % Correct
E Espagne
86%
E Estonie
81%
E Erythrée
77%
E Ethiopie
75%
A Angola
64%
A Antigua-et-barbuda
58%
E Egypte
58%
S Saint-christophe-et-niévès
41%
S Saint-vincent-les-grenadines
38%
S Seychelles
38%
E Etats fédérés de Micronésie
13%
Aucun quiz correspondant
Distribution des résultats
% des personnes avec chaque résultat
Percentile par nombre de réponses
Votre historique - résultats
Vous n’avez pas pris ce quiz depuis la dernière actualisation